| 000 | 00931nam a2200337 a 4500 | ||
|---|---|---|---|
| 003 | AR-BaBNM | ||
| 005 | 20251128204242.0 | ||
| 008 | 082120s2002 ||||||||||||||000 | spa|| | ||
| 020 | _a94-85389-23-9 | ||
| 040 | _cAR-BaBNM | ||
| 245 | 0 | 0 |
_aLos parques nacionales de la Argentina _by otras de sus áreas naturales |
| 250 | _a2ª ed. | ||
| 260 |
_aMadrid _bIncafo _bLibrería-Editorial El Ateneo _c1993 |
||
| 300 |
_a328 p. _bil. |
||
| 490 | 0 | _aLa naturaleza en Iberoamérica | |
| 650 | 4 | _aPARQUES NACIONALES | |
| 650 | 4 | _aPROTECCION DEL PAISAJE | |
| 650 | 4 | _aMEDIO AMBIENTE | |
| 650 | 4 | _aECOSISTEMAS | |
| 650 | 4 | _aFLORA Y FAUNA SILVESTRES | |
| 650 | 4 | _aECOLOGIA | |
| 650 | 4 | _aRESERVAS NATURALES | |
| 651 | 4 | _aArgentina | |
| 700 | 1 | _aErize, Francisco | |
| 700 | 1 | _aCanevari, Marcelo | |
| 700 | 1 | _aCanevari, Pablo | |
| 700 | 1 | _aCosta, Gustavo | |
| 700 | 1 | _aRumboll, Mauricio | |
| 942 | _cBK | ||
| 998 | _cEthel | ||
| 999 |
_c6720 _d6720 |
||